000 00390nam a22001697a 4500
003 MPLRDC
005 20220104114642.0
008 210129b ||||| |||| 00| 0 eng d
082 _a804.6 XTY
100 _a肖天佑编
245 _a自学意大利语
_c
250 _a初版
260 _a
_b商务印书馆
_c1983
300 _b
650 _a意大利语
942 _cBK
_o804.6 XTY
999 _c9157
_d9147